Basic and applied thermodynamics (Record no. 12182)

000 -LEADER
fixed length control field 00449nam a22001817a 4500
008 - FIXED-LENGTH DATA ELEMENTS--GENERAL INFORMATION
fixed length control field 220627b 2018 ||||| |||| 00| 0 eng d
020 ## - INTERNATIONAL STANDARD BOOK NUMBER
International Standard Book Number 9780070151314
082 ## - DEWEY DECIMAL CLASSIFICATION NUMBER
Classification number 621.4021
Item number NAG
100 ## - MAIN ENTRY--PERSONAL NAME
Personal name Nag, P. K.
245 ## - TITLE STATEMENT
Title Basic and applied thermodynamics
250 ## - EDITION STATEMENT
Edition statement 2018
260 ## - PUBLICATION, DISTRIBUTION, ETC. (IMPRINT)
Place of publication, distribution, etc New Delhi
Name of publisher, distributor, etc McGraw Hill
Date of publication, distribution, etc 2018
300 ## - PHYSICAL DESCRIPTION
Extent xvi, 846p.
650 ## - SUBJECT ADDED ENTRY--TOPICAL TERM
Topical term or geographic name as entry element Temperature
650 ## - SUBJECT ADDED ENTRY--TOPICAL TERM
Topical term or geographic name as entry element Work & Heat Transfer
650 ## - SUBJECT ADDED ENTRY--TOPICAL TERM
Topical term or geographic name as entry element Entropy
942 ## - ADDED ENTRY ELEMENTS (KOHA)
Item type Gratis Books
Holdings
Withdrawn status Lost status Source of classification or shelving scheme Damaged status Not for loan Collection code Permanent location Current location Shelving location Date acquired Total Checkouts Full call number Barcode Date last seen Date last borrowed Koha item type Public note Total Renewals
          Non-fiction IMU-MPC Library IMU-MPC Library General Stacks 2022-06-27 1 621.4021 NAG MPCG0745 2025-03-17 2024-11-04 Gratis Books Column - 30  
          Non-fiction IMU-MPC Library IMU-MPC Library General Stacks 2022-06-27 4 621.4021 NAG MPCG0747 2025-03-17 2024-08-08 Gratis Books Column - 30 3
          Non-fiction IMU-MPC Library IMU-MPC Library General Stacks 2022-06-27 2 621.4021 NAG MPCG0748 2025-11-24 2025-11-24 Gratis Books Column - 30 1
          Non-fiction IMU-MPC Library IMU-MPC Library General Stacks 2022-06-27   621.4021 NAG MPCG0749 2025-03-17   Gratis Books Column - 30  
          Non-fiction IMU-MPC Library IMU-MPC Library General Stacks 2022-06-27   621.4021 NAG MPCG0746 2025-04-08   Gratis Books Column - 30  
Copyright © 2021 Indian Maritime University, Mumbai Port Campus. All Rights Reserved. Managed & Maintained by Central Library, IMU-Mumbai

webs counters

Powered by Koha